000 00549nam a2200181 i 4500
001 142525
003 ES-MaACL
007 t|
008 071005s1984 xxk ||||1| eng d
020 _a0-631-14670-9
100 1 _aWittgenstein, Ludwig.
_9117183
245 1 0 _aPhilosophical investigations /
_cby Ludwig Wittgenstein ; translated by G.E.M. Anscombe.
250 _a3rd. ed.
260 _aOxford :
_bBasil Blackwell,
_c1984.
300 _aVIII, 250 p. ;
_c22 cm.
700 1 _aAnscombe, G. E. M.
_921832
852 _aES-MaACL
_jL-9503
_bR.111316
999 _c142525
_d142525